01035nam a2200301Ia 450000500170000000800270001702000180004410000290006224500590009125000170015030000490016750000660021665000380028265000380032065000350035865000360039365000320042965000290046170000370049094200150052726400420054233600270058433700330061133800280064404000350067208400110070799900150071820220317000308.0141031s9999 ck 000 0 spa d a97895626232471 aPaz, Marcela,d1902-198510aPapeluchocMarcela Paz ; ilustraciones de Rommy Rivera a8a edición a121 páginasbilustraciones en colorc17 cm aMarcela Paz es el seúdonimo de Ester Huneeus Salas de Claro142LEMBaNovelas infantiles chilenas142LEMBaLiteratura infantil chilena142LEMBaDiarios intimosv Novela142LEMBaDiarios y niñosvNovela142LEMBaImaginaciónvNovela142LEMBaTravesurasvNovela1 aRivera, Rommyeilustrador913102 2loccBKINF aSantiago de ChilebSudamericanac2011 atextobtxt2rdacontent asin mediaciónbn2rdamedia avolumenbnc2rdacarrier aCO-BoRNBPbspaerdacCO-BoRNBP aN PAZ7 c3652d3652